000 00747nam a2200205 i 4500
001 92458
003 ES-MaACL
007 t|
008 050308s1980 sp ||||1| spa d
100 1 _aLindbom, Tage.
_972379
245 1 3 _aLa semilla y la cizaña
_b: El reino del hombre al término del plazo /
_cTage Lindbom; prólogo de Roger Pasquier; versión de Alejandro Corniero Fernández-Baños.
260 _a[Madrid] :
_bTaurus,
_c[1980]
300 _a151 p. ;
_c21 cm.
490 1 _aBiblioteca de estudios tradicionales
700 1 _aPasquier, Roger.
_989434
700 1 _aCorniero Fernández-Baños, Alejandro.
_940634
830 0 _aBiblioteca de estudios tradicionales
_9182128
852 _aES-MaACL
_jL-354
_bR.101022
999 _c92458
_d92458